Financial Accounting Groups

Salvato in:
Dettagli Bibliografici
Autore principale: Lubbe, Ilse
Altri autori: Modack, Goolam, Herbert, Shelly, Hyland, Andrew
Natura: Libro
Lingua:inglese
Pubblicazione: Cape Town Oxford University Press 2014
Edizione:1st Edition
Soggetti:
Tags: Aggiungi Tag
Nessun Tag, puoi essere il primo ad aggiungerne!!

MARC

LEADER 00000nam a2200000 4500
001 0248554
005 20240117065813.1
020 |a 978-0-19-599863-4 
041 0 |a eng 
044 |a ZA 
245 1 0 |a Financial Accounting Groups  |c Ilse Lubbe, Goolam Modack, Shelly Herbert, Andrew Hyland 
250 |a 1st Edition 
264 1 |a Cape Town  |b Oxford University Press  |c 2014 
300 |a 540 s.  |e 1 CD-ROM 
610 2 0 |a účtovníctvo finančné 
610 2 0 |a výkazy účtovné 
610 2 0 |a výkazníctvo účtovné 
610 2 0 |a výkazy účtovné konsolidované 
610 2 0 |a investori 
610 2 0 |a investície 
610 2 0 |a aktíva 
610 2 0 |a akvizícia 
610 2 0 |a imanie vlastné 
610 2 0 |a mena 
610 2 0 |a cash flow 
610 2 0 |a vlastníctvo 
610 2 0 |a štúdie prípadové 
100 1 |a Lubbe, Ilse 
700 1 |a Modack, Goolam 
700 1 |a Herbert, Shelly 
700 1 |a Hyland, Andrew